| 000 | 00540nam a2200217Ia 4500 | ||
|---|---|---|---|
| 003 | 0100 | ||
| 005 | 20150807020009.0 | ||
| 008 | 130303s9999 xx 000 0 und d | ||
| 020 | _a0829427236 | ||
| 040 | _cARRUPELIB | ||
| 050 | _aBX2179.L8 I49 2008 | ||
| 245 | 3 | _aAn Ignatian spirituality reader | |
| 245 | _bTraub, George W. | ||
| 260 | _aChicago | ||
| 260 | _bLoyola press | ||
| 300 | _a290p. | ||
| 300 | _b 22cm | ||
| 650 |
_bCitizenship _911393 |
||
| 650 |
_cpolitical participation _911394 |
||
| 942 |
_2lcc _08 _cMONOGRAPH |
||
| 999 |
_c66314 _d66314 |
||